|
|
|
|
| LEADER |
01175nam a2200289 a 4500 |
| 001 |
21163 |
| 003 |
BD-DhAAL |
| 008 |
101012r20091991maua b 001 0 eng d |
| 999 |
|
|
|c 9758
|d 9758
|
| 010 |
|
|
|a 90023758
|
| 020 |
|
|
|a 9788131708088
|
| 020 |
|
|
|a 0201513765
|
| 040 |
|
|
|a DLC
|c DLC
|d DLC
|d BD-DhAAL
|
| 082 |
0 |
0 |
|a 006.32
|2 21
|
| 100 |
1 |
|
|a Freeman, James A.
|9 40312
|
| 245 |
1 |
0 |
|a Neural networks :
|b algorithms, applications, and programming techniques /
|c James A. Freeman, David M. Skapura.
|
| 260 |
|
|
|a Reading, Mass. :
|b Addison-Wesley ;
|a New Delhi :
|b Pearson Education,
|c c1991 [printing 2009].
|
| 300 |
|
|
|a 415 pages :
|b illustrations ;
|c 24 cm.
|
| 490 |
0 |
|
|a Computation and neural systems series
|
| 504 |
|
|
|a Includes bibliographical references and index.
|
| 541 |
1 |
|
|e 00021163
|
| 650 |
|
0 |
|a Neural networks (Computer science).
|9 40313
|
| 650 |
|
0 |
|a Computer algorithms.
|9 40314
|
| 700 |
1 |
|
|a Skapura, David M.
|9 40315
|
| 852 |
4 |
|
|a Ayesha Abed Library
|j General Stacks
|
| 942 |
|
|
|2 ddc
|c BK
|
| 952 |
|
|
|0 0
|1 0
|2 ddc
|4 0
|6 006_300000000000000_FRE_2009
|7 0
|9 12427
|a BRACUL
|b BRACUL
|c GEN
|d 2010-10-13
|g 446.25
|l 10
|m 62
|o 006.3 FRE
|p 3010021163
|r 2023-01-24
|s 2022-10-16
|t 1
|w 2010-10-13
|y BK
|